[Event "ChessKid Cup Div 3 W"]
[Site "chess.com INT"]
[Date "2023.05.22"]
[Round "1.1"]
[White "Vaibhav, Suri"]
[Black "Chigaev, Maksim"]
[Result "1/2-1/2"]
[WhiteTitle "GM"]
[BlackTitle "GM"]
[WhiteElo "2595"]
[BlackElo "2628"]
[WhiteFideId "5045185"]
[BlackFideId "4108116"]
[EventDate "2023.05.22"]
[EventType "k.o."]

1. d4 Nf6 2. c4 e6 3. Nf3 d5 4. Nc3 Be7 5. e3 O-O 6. b3 c5 7. Bb2 cxd4 8. Nxd4
dxc4 9. Bxc4 Bd7 10. O-O Nc6 11. Nf3 Qa5 12. a3 Rfd8 13. b4 Qh5 14. Qe2 Rac8 15.
Rfd1 a6 16. h3 h6 17. Qf1 e5 18. Nd5 Bxh3 19. Nxe7+ Nxe7 20. Nxe5 Be6 21. Be2
Ng4 22. Nxg4 Bxg4 23. f3 Be6 24. Rxd8+ Rxd8 25. Rd1 Rc8 26. Rc1 Rd8 27. Rc5 Qg6
28. Qc1 Nf5 29. Be5 Nh4 30. g3 b6 31. Rc3 Qf5 32. Bf4 Ng6 33. Bc7 Rd7 34. e4 Qf6
35. Bxb6 Bc4 36. Bxc4 Qxb6+ 37. Kg2 Kh7 38. Bd5 Ne5 39. Qe3 Qf6 40. Rc8 g6 41.
Qc3 h5 42. f4 Ng4 43. Qxf6 Nxf6 44. Rc5 Ng4 45. Kf3 Kg7 46. Rc6 f5 47. Rb6 Rd8
48. Rxa6 Nf6 49. Ra7+ Kh6 50. Ra5 fxe4+ 51. Bxe4 Rd4 52. Re5 Rc4 53. Re6 Rc3+
54. Kg2 Nxe4 55. Rxe4 Rxa3 56. Re8 Rb3 57. Rb8 h4 58. gxh4 Kh5 59. b5 Kxh4 60.
b6 Kg4 61. b7 Rb2+ 62. Kf1 Kf3 63. Ke1 Rb1+ 64. Kd2 Rb6 65. Kd3 Rb1 66. Kd4 Rb4+
67. Kc5 Rb1 68. Kd5 Rb6 69. Ke5 Rb5+ 70. Ke6 Rb6+ 71. Kd7 Rb4 72. Ke7 Rb5 73.
Kf6 Rb6+ 74. Kg7 Kg4 75. Kh6 g5+ 76. Kg7 gxf4 77. Kf7 Kf3 78. Ke7 Rb1 79. Kd7 1/2-1/2

[Event "ChessKid Cup Div 3 W"]
[Site "chess.com INT"]
[Date "2023.05.22"]
[Round "1.2"]
[White "Chigaev, Maksim"]
[Black "Vaibhav, Suri"]
[Result "1/2-1/2"]
[WhiteTitle "GM"]
[BlackTitle "GM"]
[WhiteElo "2628"]
[BlackElo "2595"]
[WhiteFideId "4108116"]
[BlackFideId "5045185"]
[EventDate "2023.05.22"]
[EventType "k.o."]

1. d4 d5 2. Nf3 e6 3. c4 dxc4 4. e3 Nf6 5. Bxc4 a6 6. O-O c5 7. Re1 Nc6 8. Nc3
b5 9. Bb3 Bb7 10. a3 Be7 11. dxc5 Bxc5 12. Bc2 Qc7 13. b4 Bd6 14. Ne4 Nxe4 15.
Bxe4 Rd8 16. Qc2 f5 17. Bxc6+ Qxc6 18. Qxc6+ Bxc6 19. Bb2 Ke7 20. Rac1 Bxf3 21.
gxf3 Rc8 22. f4 Rhg8 23. Kf1 Rxc1 24. Rxc1 g5 25. fxg5 Rxg5 26. Rc6 Bxh2 27.
Rxa6 h5 28. Ke2 Rg1 29. Ra7+ Kd6 30. Rh7 Rb1 31. Bd4 Be5 32. Bxe5+ Kxe5 33. Rb7
h4 34. Rxb5+ Kf6 35. Rb8 Kg7 36. Rb7+ 1/2-1/2

[Event "ChessKid Cup Div 3 W"]
[Site "chess.com INT"]
[Date "2023.05.22"]
[Round "1.3"]
[White "Chigaev, Maksim"]
[Black "Vaibhav, Suri"]
[Result "1-0"]
[WhiteTitle "GM"]
[BlackTitle "GM"]
[WhiteElo "2628"]
[BlackElo "2595"]
[WhiteFideId "4108116"]
[BlackFideId "5045185"]
[EventDate "2023.05.22"]
[EventType "k.o."]

1. e4 c6 2. d4 d5 3. e5 c5 4. Nf3 cxd4 5. Qxd4 Nc6 6. Qf4 e6 7. Bd3 Bc5 8. Nc3
a6 9. Qg3 Nge7 10. h4 Nb4 11. h5 Nxd3+ 12. cxd3 Nf5 13. Qg4 h6 14. O-O Bd7 15.
d4 Bb6 16. Be3 O-O 17. Rac1 Rc8 18. Qf4 Qe7 19. g4 Nxe3 20. Qxe3 Rc4 21. b3 Rc6
22. Na4 Ba7 23. Nc5 Rc7 24. Rc3 Bb5 25. Rfc1 b6 26. Ne4 Rxc3 27. Nxc3 Bd7 28.
Ne2 Rc8 29. Kg2 Bb8 30. Ng3 Rxc1 31. Qxc1 Qd8 32. g5 hxg5 33. h6 gxh6 34. Nh5
Bb5 35. Qc2 Kf8 36. a4 g4 37. Nh2 Bd7 38. Nf6 Ke7 39. Qc1 Qh8 40. a5 bxa5 41.
Qc5+ Kd8 42. Nxd7 Kxd7 43. Nxg4 Qg7 44. Kf3 Qg6 45. Nf6+ Kd8 46. Ke2 Ba7 47. Qc6 1-0

[Event "ChessKid Cup Div 3 W"]
[Site "chess.com INT"]
[Date "2023.05.22"]
[Round "1.1"]
[White "Sasikiran, Krishnan"]
[Black "Pichot, Alan"]
[Result "0-1"]
[WhiteTitle "GM"]
[BlackTitle "GM"]
[WhiteElo "2604"]
[BlackElo "2638"]
[WhiteFideId "5004985"]
[BlackFideId "110973"]
[EventDate "2023.05.22"]
[EventType "k.o."]

1. e4 e5 2. Nf3 Nc6 3. Bb5 a6 4. Ba4 Nge7 5. O-O Ng6 6. c3 d5 7. d3 Be7 8. Nbd2
O-O 9. Re1 b5 10. Bc2 Be6 11. a4 b4 12. a5 Rb8 13. d4 bxc3 14. bxc3 exd4 15.
cxd4 Bb4 16. e5 Bg4 17. h3 Bxf3 18. Nxf3 Bxe1 19. Qxe1 Nh4 20. Ng5 h6 21. Qc3
Nxd4 22. Qxd4 hxg5 23. Qg4 f5 24. Qxg5 Qxg5 25. Bxg5 Ng6 26. f4 c5 27. g4 Rfe8
28. gxf5 Ne7 29. Rd1 d4 30. Bd3 Kf8 31. Rc1 Rb3 32. Bxa6 Rc3 33. Rb1 Nxf5 34.
Kf2 d3 35. Ke1 c4 36. Rb7 Rc1+ 37. Kf2 d2 0-1

[Event "ChessKid Cup Div 3 W"]
[Site "chess.com INT"]
[Date "2023.05.22"]
[Round "1.2"]
[White "Pichot, Alan"]
[Black "Sasikiran, Krishnan"]
[Result "1-0"]
[WhiteTitle "GM"]
[BlackTitle "GM"]
[WhiteElo "2638"]
[BlackElo "2604"]
[WhiteFideId "110973"]
[BlackFideId "5004985"]
[EventDate "2023.05.22"]
[EventType "k.o."]

1. e4 e5 2. Nf3 Nc6 3. Bc4 Nf6 4. d3 Bc5 5. c3 d6 6. O-O a6 7. a4 Ba7 8. Na3 O-O
9. Nc2 Ne7 10. Bg5 Ng6 11. Nh4 Kh8 12. Nf3 h6 13. Be3 Bb8 14. a5 Ng4 15. d4 f5
16. exf5 Bxf5 17. h3 e4 18. Nd2 Nf6 19. f3 exf3 20. Rxf3 Nh4 21. Rf4 d5 22. Bb3
g5 23. Rxh4 gxh4 24. Bxh6 Rg8 25. Qf3 Bh7 26. Rf1 Rg6 27. Bf4 c6 28. Ne3 Qd7 29.
Bc2 Ne4 30. Nxe4 dxe4 31. Qxe4 1-0

[Event "ChessKid Cup Div 3 W"]
[Site "chess.com INT"]
[Date "2023.05.22"]
[Round "1.1"]
[White "Tari, Aryan"]
[Black "Terry, Renato"]
[Result "1-0"]
[WhiteTitle "GM"]
[BlackTitle "IM"]
[WhiteElo "2642"]
[BlackElo "2520"]
[WhiteFideId "1510045"]
[BlackFideId "3803457"]
[EventDate "2023.05.22"]
[EventType "k.o."]

1. e4 c6 2. d4 d5 3. e5 c5 4. Nf3 cxd4 5. Nxd4 Nc6 6. Nxc6 bxc6 7. Bd3 e6 8. O-O
a5 9. Qe2 Ne7 10. Nd2 Qb6 11. Nf3 Ba6 12. Be3 Qb7 13. Rfc1 Nf5 14. c4 Nxe3 15.
Qxe3 Be7 16. cxd5 cxd5 17. Bxa6 Rxa6 18. Rc2 O-O 19. Rac1 Bd8 20. Nd4 a4 21. Nc6
Bb6 22. Qa3 g6 23. h4 h5 24. Qf3 Qd7 25. Qf6 Bd8 26. Qf4 Ra8 27. Nxd8 Raxd8 28.
Rc7 Qb5 29. g4 Qe2 30. gxh5 Qxh5 31. Qf6 Rb8 32. f3 Qh6 33. f4 Qh5 34. R1c2 Qf3
35. Rg2 Qd1+ 36. Kh2 Qh5 37. Ra7 Rb4 38. Rxf7 Rxf7 39. Rxg6+ Qxg6 40. Qxg6+ Kf8
41. Qh6+ Ke7 42. Kg3 Rxb2 43. Qg5+ Kd7 44. Qg8 Re7 45. f5 exf5 46. Qxd5+ Ke8 47.
Qc6+ Kf7 48. Qf6+ Ke8 49. e6 1-0

[Event "ChessKid Cup Div 3 W"]
[Site "chess.com INT"]
[Date "2023.05.22"]
[Round "1.2"]
[White "Terry, Renato"]
[Black "Tari, Aryan"]
[Result "1/2-1/2"]
[WhiteTitle "IM"]
[BlackTitle "GM"]
[WhiteElo "2520"]
[BlackElo "2642"]
[WhiteFideId "3803457"]
[BlackFideId "1510045"]
[EventDate "2023.05.22"]
[EventType "k.o."]

1. Nf3 Nf6 2. d4 g6 3. Bg5 Bg7 4. c3 h6 5. Bf4 d6 6. Nbd2 Nh5 7. Bg3 O-O 8. e4
c5 9. d5 e6 10. Nc4 Nxg3 11. hxg3 Re8 12. dxe6 Rxe6 13. Be2 Nc6 14. Nfd2 d5 15.
exd5 Qxd5 16. O-O Re7 17. Bf3 Qd3 18. Qa4 Bd7 19. Qa3 Qf5 20. Nd6 Qd3 21. N2c4
Ne5 22. Nxe5 Qxd6 23. Bxb7 Rb8 24. Nxd7 Qxd7 25. Bf3 Qb5 26. Rab1 Rb6 27. Bd5
Rd7 28. c4 Qb4 29. Qe3 Rb8 30. a3 Qb6 31. Rfe1 Bd4 32. Qxh6 Qf6 33. Re2 a5 34.
a4 Rdd8 35. b3 Re8 36. Rd2 Re7 37. Qf4 Rbe8 38. Kf1 Kg7 39. Qxf6+ Bxf6 40. Rc2
Bd4 41. Bf3 f5 42. g4 f4 43. Re2 Rxe2 44. Bxe2 g5 45. Rd1 Kf6 46. Bf3 Rh8 47.
Kg1 Rb8 48. Rb1 Re8 49. Kf1 Rh8 50. Ke2 Re8+ 51. Kf1 Rh8 52. Kg1 Re8 53. Rd1 Rb8
54. Rd3 Re8 55. Kf1 Rh8 56. Bd5 Rh1+ 57. Ke2 Rb1 58. Rh3 Rb2+ 59. Kd1 Bxf2 60.
Kc1 Ra2 61. Rh5 Be3+ 62. Kb1 Rf2 63. Bf3 Bd4 64. Rh6+ Ke5 65. Rg6 Be3 66. Rxg5+
Kd4 67. Rd5+ Kc3 68. g5 Kxb3 69. Rd3+ Kxc4 70. g6 Rf1+ 71. Kc2 Rf2+ 72. Kb1 Rf1+
73. Rd1 Rxd1+ 74. Bxd1 Bd4 75. Kc2 Kd5 76. Bf3+ Ke5 77. Kd3 Kf6 78. Be4 Bf2 79.
Kc4 Be1 80. Kxc5 Kg7 81. Kd5 Bd2 82. Ke5 Be1 83. Kf5 Bb4 84. Kxf4 Bc3 85. Kf5
Bb4 86. Ke6 Bd2 1/2-1/2

[Event "ChessKid Cup Div 3 W"]
[Site "chess.com INT"]
[Date "2023.05.22"]
[Round "1.1"]
[White "Gledura, Benjamin"]
[Black "Paravyan, David"]
[Result "1-0"]
[WhiteTitle "GM"]
[BlackTitle "GM"]
[WhiteElo "2644"]
[BlackElo "2601"]
[WhiteFideId "712779"]
[BlackFideId "4194985"]
[EventDate "2023.05.22"]
[EventType "k.o."]

1. e4 e5 2. Nf3 Nf6 3. Nxe5 d6 4. Nd3 Nxe4 5. Qe2 Qe7 6. Nf4 Nf6 7. d4 Qxe2+ 8.
Bxe2 Nc6 9. c3 Bf5 10. Nd2 g5 11. Nh5 Nxh5 12. Bxh5 Bg6 13. Bxg6 fxg6 14. Ne4 h6
15. Ke2 Kf7 16. Kd3 d5 17. Ng3 Bd6 18. Nf1 Ne7 19. Ne3 c6 20. Bd2 Nf5 21. Rae1
Rae8 22. b3 b5 23. g3 a6 24. c4 dxc4+ 25. bxc4 Ba3 26. h4 Nxe3 27. fxe3 Bd6 28.
cxb5 axb5 29. Rc1 Bxg3 30. hxg5 hxg5 31. Rhf1+ Kg7 32. Rxc6 Rhf8 33. Rg1 Rf3 34.
d5 Bf4 35. Re6 Rxe6 36. dxe6 Kf6 37. Ke4 Rf2 38. Bc3+ Kxe6 39. exf4 Rxf4+ 40.
Ke3 Ra4 41. Rg2 Kf5 42. Rb2 Kg4 43. Bb4 Kh3 44. a3 g4 45. Kf4 g3 46. Rb3 g5+ 47.
Kxg5 Ra7 48. Bd6 Rg7+ 49. Kf6 Rg4 50. Ke6 Kh4 51. Bxg3+ Rxg3 52. Rxg3 Kxg3 53.
Kd6 Kf4 54. Kc6 Ke5 55. Kxb5 Kd6 56. Kb6 Kd7 57. Kb7 1-0

[Event "ChessKid Cup Div 3 W"]
[Site "chess.com INT"]
[Date "2023.05.22"]
[Round "1.2"]
[White "Paravyan, David"]
[Black "Gledura, Benjamin"]
[Result "1-0"]
[WhiteTitle "GM"]
[BlackTitle "GM"]
[WhiteElo "2601"]
[BlackElo "2644"]
[WhiteFideId "4194985"]
[BlackFideId "712779"]
[EventDate "2023.05.22"]
[EventType "k.o."]

1. e4 e5 2. Nf3 Nc6 3. Bb5 a6 4. Ba4 Nf6 5. O-O Nxe4 6. d4 b5 7. Bb3 d5 8. dxe5
Be6 9. c3 Be7 10. h3 O-O 11. Bc2 f6 12. exf6 Bxf6 13. Nbd2 Nc5 14. Nb3 Nxb3 15.
axb3 Kh8 16. Qd3 Bg8 17. Bf4 d4 18. Rad1 dxc3 19. Qf5 Qe8 20. Rfe1 Qg6 21. Qxg6
hxg6 22. bxc3 Bxc3 23. Re4 Nb4 24. Bd2 Nxc2 25. Rh4+ Bh7 26. Bxc3 b4 27. Bb2
Rad8 28. Rxd8 Rxd8 29. Ng5 Kg8 30. Rxh7 Rd1+ 31. Kh2 Nd4 32. Rh4 c5 33. Re4 1-0

[Event "ChessKid Cup Div 3 W"]
[Site "chess.com INT"]
[Date "2023.05.22"]
[Round "1.3"]
[White "Paravyan, David"]
[Black "Gledura, Benjamin"]
[Result "0-1"]
[WhiteTitle "GM"]
[BlackTitle "GM"]
[WhiteElo "2601"]
[BlackElo "2644"]
[WhiteFideId "4194985"]
[BlackFideId "712779"]
[EventDate "2023.05.22"]
[EventType "k.o."]

1. e4 e5 2. Nf3 Nf6 3. d4 Nxe4 4. Bd3 d5 5. Nxe5 Nd7 6. Nxd7 Bxd7 7. O-O Bd6 8.
Nc3 Nxc3 9. bxc3 O-O 10. Qh5 f5 11. h3 c6 12. c4 dxc4 13. Bxc4+ Kh8 14. Re1 Be8
15. Qf3 Bf7 16. Bxf7 Rxf7 17. c4 Qd7 18. Bb2 Re8 19. Rxe8+ Qxe8 20. Bc3 Qe6 21.
d5 cxd5 22. Re1 Qd7 23. Qxd5 Bf8 24. Qxd7 Rxd7 25. Re8 Kg8 26. Bb4 Rf7 27. f4 g6
28. Ra8 Kg7 29. Bxf8+ Rxf8 30. Rxa7 Rf7 31. Kf2 Re7 32. c5 Rc7 33. Ra5 Kf6 34.
Ke3 Ke6 35. Kd4 Rd7+ 36. Kc4 Rd2 37. g3 Rc2+ 38. Kd4 Rd2+ 39. Kc4 Rc2+ 40. Kb4
Rb2+ 41. Ka3 Rg2 42. Rb5 Rxg3+ 43. Kb4 Rg2 44. a4 Kd5 45. Rb6 Rb2+ 46. Ka5 Rf2
47. Rxb7 Kxc5 48. Rb5+ Kc6 49. Rb4 h6 50. Rc4+ Kd5 51. Kb5 g5 52. Rc5+ Ke4 53.
a5 Rb2+ 54. Kc6 gxf4 55. Rc4+ Ke3 56. Ra4 f3 57. a6 f2 58. Ra3+ Ke2 59. a7 f1=Q
60. a8=Q Qh1+ 61. Kd6 Qxa8 62. Rxa8 f4 0-1

[Event "ChessKid Cup Div 3 W"]
[Site "chess.com INT"]
[Date "2023.05.22"]
[Round "1.1"]
[White "Bluebaum, Matthias"]
[Black "Antipov, Mikhail Al."]
[Result "0-1"]
[WhiteTitle "GM"]
[BlackTitle "GM"]
[WhiteElo "2669"]
[BlackElo "2588"]
[WhiteFideId "24651516"]
[BlackFideId "4107012"]
[EventDate "2023.05.22"]
[EventType "k.o."]

1. d4 Nf6 2. c4 g6 3. Nc3 d5 4. cxd5 Nxd5 5. e4 Nxc3 6. bxc3 Bg7 7. Nf3 c5 8.
Bb5+ Nc6 9. d5 Qa5 10. Rb1 a6 11. Ba4 b5 12. dxc6 Bxc3+ 13. Bd2 Be6 14. Bxc3
Qxc3+ 15. Qd2 Qxd2+ 16. Kxd2 bxa4 17. Rhc1 O-O-O+ 18. Ke3 Kc7 19. Rb7+ Kxc6 20.
Rcb1 Bb3 21. Rxe7 Bxa2 22. Ne5+ Kd6 23. Rbb7 Rhe8 24. Nxf7+ Bxf7 25. Rxf7 c4 26.
f3 a3 27. Rb1 Rb8 28. Ra1 Rb3+ 29. Kd4 Rc8 30. e5+ Ke6 31. Rf6+ Ke7 32. Ra2 c3
33. Rc2 Rb4+ 34. Kd3 Ra4 35. Rb6 a2 36. Rb7+ Kf8 37. Rxa2 Rxa2 38. Rb1 Rd2+ 39.
Ke3 c2 40. Rc1 Rd1 41. Rxc2 Rxc2 42. h4 Rxg2 43. h5 gxh5 44. Kf4 h4 45. Kf5 h3
46. f4 h2 47. Ke6 h1=Q 48. f5 Rf2 49. f6 Qh3# 0-1

[Event "ChessKid Cup Div 3 W"]
[Site "chess.com INT"]
[Date "2023.05.22"]
[Round "1.2"]
[White "Antipov, Mikhail Al."]
[Black "Bluebaum, Matthias"]
[Result "1-0"]
[WhiteTitle "GM"]
[BlackTitle "GM"]
[WhiteElo "2588"]
[BlackElo "2669"]
[WhiteFideId "4107012"]
[BlackFideId "24651516"]
[EventDate "2023.05.22"]
[EventType "k.o."]

1. e4 e6 2. d4 d5 3. exd5 exd5 4. Nf3 Nc6 5. c3 Bd6 6. Bd3 Nge7 7. O-O Bg4 8.
Nbd2 Qd7 9. Re1 f6 10. b4 O-O 11. Qc2 Bf5 12. Nb3 Bxd3 13. Qxd3 b6 14. b5 Nd8
15. c4 dxc4 16. Qxc4+ Nf7 17. a4 Rac8 18. a5 c6 19. bxc6 Rxc6 20. Qb5 Rd8 21.
Bd2 Nd5 22. axb6 axb6 23. Ra7 Bc7 24. g3 g5 25. Kg2 Qd6 26. Bc1 Nc3 27. Qf5 Nh6
28. Qd3 Qd5 29. Re7 Nf5 30. Rexc7 Rxc7 31. Rxc7 Nb5 32. Rb7 g4 33. Rxb6 Nbxd4
34. Nd2 Re8 35. Rxf6 Re5 36. Bb2 gxf3+ 37. Nxf3 Re3 38. Rxf5 Rxd3 39. Rxd5 Nxf3
40. Rxd3 Ne1+ 41. Kf1 Nxd3 42. Bd4 Kf7 43. Ke2 Nb4 44. Ke3 Nc6 45. Ke4 Ke6 46.
f4 h5 47. h3 Ne7 48. g4 hxg4 49. hxg4 Nc6 50. f5+ Kf7 51. g5 Ne7 52. Bc5 Nc6 53.
Kd5 Na5 54. Bd4 Nb7 55. g6+ Ke7 56. f6+ Ke8 57. f7+ Ke7 58. Bg7 Nd8 59. f8=Q+
Kd7 60. Be5 Kc8 61. g7 Kb7 62. g8=Q Nc6 63. Qa8+ Kb6 64. Qxc6+ Ka5 65. Bc3# 1-0

[Event "ChessKid Cup Div 3 W"]
[Site "chess.com INT"]
[Date "2023.05.22"]
[Round "1.1"]
[White "Harshavardhan, G B"]
[Black "Bachmann, Axel"]
[Result "1-0"]
[WhiteTitle "IM"]
[BlackTitle "GM"]
[WhiteElo "2408"]
[BlackElo "2604"]
[WhiteFideId "25059009"]
[BlackFideId "3700488"]
[EventDate "2023.05.22"]
[EventType "k.o."]

1. d4 Nf6 2. c4 e6 3. Nf3 Bb4+ 4. Nbd2 b6 5. e3 Bb7 6. Bd3 O-O 7. O-O d5 8. cxd5
exd5 9. Ne5 Bd6 10. f4 c5 11. b3 cxd4 12. exd4 Ba6 13. Qe2 Bxd3 14. Qxd3 Qc8 15.
Bb2 Qa6 16. Qf3 Bb4 17. Bc3 Bxc3 18. Qxc3 Rc8 19. Qh3 Nc6 20. Ndf3 h6 21. Rfe1
Rc7 22. a3 Rac8 23. b4 Ne4 24. Nxc6 Rxc6 25. Qf5 Nf6 26. Ne5 Rc2 27. a4 b5 28.
Nd3 g6 29. Qh3 R8c3 30. a5 Qc6 31. Ne5 Rxh3 32. Nxc6 Rd3 33. Rac1 Rb2 34. Red1
Ra3 35. Ra1 Re3 36. Re1 Rd3 37. Red1 Rxd1+ 38. Rxd1 a6 39. Ra1 Ng4 40. Ne7+ Kg7
41. Nxd5 Nf6 42. Nc7 Rxb4 43. Nxa6 Ra4 44. Rxa4 bxa4 45. Nb4 a3 46. a6 Nd5 47.
a7 Nb6 48. Kf2 Kf8 49. Ke2 Ke8 50. Kd3 Kd7 51. Kc3 Kc7 52. Kb3 Kb7 53. Kxa3 Kxa7
54. Kb3 Kb7 55. Kc3 Kc7 56. Kd3 Kd6 57. g4 f5 58. gxf5 gxf5 59. h3 Ke6 60. Ke2
Kd6 61. Nc2 Kd5 62. Kd3 Ke6 63. Ne3 Nd7 64. Kc4 Nf6 65. Kc5 Nd7+ 66. Kb5 Kd6 67.
Kc4 Ke6 68. d5+ Kf6 69. Kb5 Nf8 70. Kc6 Ng6 71. d6 Nxf4 72. Nd5+ Nxd5 73. Kxd5
f4 74. Kc6 1-0

[Event "ChessKid Cup Div 3 W"]
[Site "chess.com INT"]
[Date "2023.05.22"]
[Round "1.2"]
[White "Bachmann, Axel"]
[Black "Harshavardhan, G B"]
[Result "1/2-1/2"]
[WhiteTitle "GM"]
[BlackTitle "IM"]
[WhiteElo "2604"]
[BlackElo "2408"]
[WhiteFideId "3700488"]
[BlackFideId "25059009"]
[EventDate "2023.05.22"]
[EventType "k.o."]

1. c4 c5 2. Nf3 Nc6 3. Nc3 g6 4. e3 Nf6 5. d4 cxd4 6. exd4 d5 7. cxd5 Nxd5 8.
Qb3 e6 9. Bg5 Be7 10. Bh6 Bf8 11. Bxf8 Kxf8 12. Bb5 Nce7 13. O-O Kg7 14. Ne5 a6
15. Be2 b5 16. Ne4 Nf5 17. Rad1 Qb6 18. Nf3 Bb7 19. Rfe1 Rac8 20. Bf1 Nf4 21.
Ne5 Bxe4 22. Rxe4 Nd5 23. Qf3 Rc7 24. g4 Nd6 25. Ree1 Rhc8 26. h4 Nc4 27. h5
Nxe5 28. dxe5 gxh5 29. gxh5 Rg8 30. Bd3 Qc5 31. Be4 Qc4 32. Re2 Kf8+ 33. Kf1 h6
34. Bxd5 exd5 35. e6 Qg4 36. Qxg4 Rxg4 37. exf7 Rh4 38. Rxd5 Kxf7 39. Re3 Rc1+
40. Kg2 Rc6 41. Rf3+ Ke7 42. Re3+ Kf7 43. Rf3+ Ke7 44. Rg3 Kf7 45. Rf5+ Ke6 46.
Rf8 Rxh5 47. Rg6+ Kd5 48. Rd8+ Kc5 49. b4+ Kb6 50. Rb8+ Kc7 51. Rgg8 Rg5+ 52.
Rxg5 hxg5 53. Rg8 Rc4 54. a3 Rc3 55. Rxg5 Rxa3 56. f4 Rb3 57. f5 Rxb4 58. Kf3
Kd6 59. Rg6+ Ke5 60. Rxa6 Kxf5 61. Ke3 Ke5 62. Kd3 Kd5 63. Kc3 Rh4 64. Rg6 Kc5
65. Rg5+ Kb6 66. Rg8 Rh3+ 67. Kb4 Rh4+ 68. Kb3 Rh3+ 69. Kb4 Rh4+ 70. Kb3 Rh3+
71. Kb4 1/2-1/2

[Event "ChessKid Cup Div 3 W"]
[Site "chess.com INT"]
[Date "2023.05.22"]
[Round "1.1"]
[White "Bernadskiy, Vitaliy"]
[Black "Narayanan, Srinath"]
[Result "1-0"]
[WhiteTitle "GM"]
[BlackTitle "GM"]
[WhiteElo "2592"]
[BlackElo "2559"]
[WhiteFideId "14100371"]
[BlackFideId "5018420"]
[EventDate "2023.05.22"]
[EventType "k.o."]

1. e4 e5 2. Nf3 Nc6 3. Bb5 a6 4. Ba4 Nf6 5. O-O Be7 6. Bxc6 dxc6 7. d3 Nd7 8.
Be3 O-O 9. Nc3 f6 10. Nh4 Nc5 11. Nf5 Bxf5 12. exf5 a5 13. Qg4 Qd7 14. Bxc5 Bxc5
15. Qc4+ Rf7 16. Qxc5 Qxf5 17. f4 Qe6 18. fxe5 fxe5 19. Rxf7 Kxf7 20. Re1 Kg8
21. Qxe5 Qf7 22. Qe6 h6 23. Qxf7+ Kxf7 24. a4 Rd8 25. b3 Rd6 26. Re5 b6 27. g3
Rf6 28. Kg2 Rd6 29. Re4 g5 30. h4 Kg6 31. hxg5 hxg5 32. Re5 Kf6 33. Re8 Rd7 34.
Ne4+ Kf5 35. Kf3 g4+ 36. Ke3 Rh7 37. Rf8+ Ke5 38. d4+ Ke6 39. Ng5+ 1-0

[Event "ChessKid Cup Div 3 W"]
[Site "chess.com INT"]
[Date "2023.05.22"]
[Round "1.2"]
[White "Narayanan, Srinath"]
[Black "Bernadskiy, Vitaliy"]
[Result "0-1"]
[WhiteTitle "GM"]
[BlackTitle "GM"]
[WhiteElo "2559"]
[BlackElo "2592"]
[WhiteFideId "5018420"]
[BlackFideId "14100371"]
[EventDate "2023.05.22"]
[EventType "k.o."]

1. Nf3 d5 2. d4 Nf6 3. Bf4 c5 4. e3 Nc6 5. Nbd2 Bf5 6. Bb5 Qb6 7. c4 dxc4 8. Qa4
a6 9. Bxc6+ bxc6 10. Nxc4 Qb5 11. Qxb5 axb5 12. Nb6 Ra6 13. dxc5 e5 14. Nh4 Be6
15. Bxe5 Bxc5 16. O-O Bxb6 17. Rfc1 Bd8 18. Nf3 Bd5 19. Nd4 O-O 20. f3 Re8 21.
Bf4 Nh5 22. Bd6 Rxe3 23. Re1 Bb6 24. Rxe3 Bxd4 25. Re1 Rxa2 26. Be5 Bxe3+ 27.
Rxe3 h6 28. Bc3 Be6 29. Rd3 Nf4 30. Rd2 c5 31. Be5 Nd5 32. g4 c4 33. Rg2 f6 34.
Bd6 b4 35. Re2 Kf7 0-1

[Event "ChessKid Cup Div 3 W"]
[Site "chess.com INT"]
[Date "2023.05.22"]
[Round "1.1"]
[White "Iturrizaga Bonelli, Eduardo"]
[Black "Harikrishna, Pentala"]
[Result "0-1"]
[WhiteTitle "GM"]
[BlackTitle "GM"]
[WhiteElo "2637"]
[BlackElo "2704"]
[WhiteFideId "3901211"]
[BlackFideId "5007003"]
[EventDate "2023.05.22"]
[EventType "k.o."]

1. Nf3 Nf6 2. c4 e6 3. Nc3 d5 4. e3 a6 5. d4 dxc4 6. Bxc4 b5 7. Be2 Bb7 8. O-O
Nbd7 9. a4 b4 10. Nb1 c5 11. Nbd2 Be7 12. b3 O-O 13. Bb2 Rc8 14. Nc4 cxd4 15.
Nxd4 Nc5 16. Rc1 Qc7 17. a5 Nd5 18. Bf3 Rfd8 19. Qe2 Qb8 20. Bxd5 Rxd5 21. Nb6
Rg5 22. g3 Re8 23. f4 Rg6 24. Na4 Nxa4 25. bxa4 e5 26. Nf5 exf4 27. Rxf4 Bf8 28.
Qf2 Rc8 29. Rf1 f6 30. h4 b3 31. Nd4 Bd6 32. Kh2 Bxf4 33. exf4 f5 34. Re1 Be4
35. Re2 Rd6 36. g4 Rxd4 37. Bxd4 Rc2 38. Kg3 b2 0-1

[Event "ChessKid Cup Div 3 W"]
[Site "chess.com INT"]
[Date "2023.05.22"]
[Round "1.2"]
[White "Harikrishna, Pentala"]
[Black "Iturrizaga Bonelli, Eduardo"]
[Result "1/2-1/2"]
[WhiteTitle "GM"]
[BlackTitle "GM"]
[WhiteElo "2704"]
[BlackElo "2637"]
[WhiteFideId "5007003"]
[BlackFideId "3901211"]
[EventDate "2023.05.22"]
[EventType "k.o."]

1. c4 c5 2. Nf3 Nc6 3. Nc3 Nf6 4. e4 d6 5. d4 cxd4 6. Nxd4 g6 7. Be2 Bg7 8. Be3
O-O 9. O-O Bd7 10. Nc2 Be6 11. Rc1 Nd7 12. Nd4 Nc5 13. Nxc6 bxc6 14. Bd4 Qb6 15.
Bxg7 Kxg7 16. b3 a5 17. Qd4+ f6 18. Rb1 Qb4 19. f4 a4 20. Nxa4 Nxa4 21. bxa4
Qxa4 22. Rb7 Rf7 23. f5 Bc8 24. fxg6 Bxb7 25. gxf7 c5 26. Qe3 Qxa2 27. Qg3+ Kh8
28. Qe3 Rf8 29. Bh5 Qa8 30. Qc3 Qd8 31. Rf4 e5 32. Rg4 Bc8 33. Rh4 f5 34. Qh3
Qg5 35. Bg4 Rxf7 36. Bxf5 Bxf5 37. exf5 Qc1+ 38. Kf2 Rb7 39. Re4 Rb2+ 40. Re2
Qf4+ 41. Qf3 Qh4+ 42. Qg3 Rxe2+ 43. Kxe2 Qxc4+ 44. Qd3 Qg4+ 45. Kf2 Qf4+ 46. Ke2
e4 47. Qc3+ Kg8 48. Qf6 Qg4+ 49. Ke3 Qxg2 50. Qe6+ Kg7 51. Qe7+ Kh6 52. Qh4+ Kg7
53. Qe7+ Kg8 54. Qe8+ Kg7 55. Qe7+ 1/2-1/2

[Event "ChessKid Cup Div 3 W"]
[Site "chess.com INT"]
[Date "2023.05.22"]
[Round "1.1"]
[White "Yu, Yangyi"]
[Black "Donchenko, Alexander"]
[Result "1-0"]
[WhiteTitle "GM"]
[BlackTitle "GM"]
[WhiteElo "2729"]
[BlackElo "2669"]
[WhiteFideId "8603820"]
[BlackFideId "24603295"]
[EventDate "2023.05.22"]
[EventType "k.o."]

1. e4 c5 2. Nf3 d6 3. d4 cxd4 4. Nxd4 Nf6 5. Nc3 a6 6. g3 e5 7. Nb3 Be7 8. Bg2
O-O 9. O-O Be6 10. a4 Nbd7 11. Re1 Rc8 12. Nd2 Nb6 13. Nf1 Nc4 14. b3 Nb6 15.
Bb2 d5 16. Nxd5 Nbxd5 17. exd5 Bxd5 18. Bxd5 Qxd5 19. c4 Qxd1 20. Raxd1 Rfe8 21.
Rxe5 Ng4 22. Red5 g6 23. Kg2 h5 24. h3 Nf6 25. Re5 Bc5 26. Rxc5 Rxc5 27. Bxf6 b5
28. Bd4 Rc6 29. axb5 axb5 30. cxb5 Rd6 31. Rd2 1-0